Historia general de la cultura / (Record no. 150756)

MARC details
000 -LEADER
campo de control de longitud fija 00597nam a2200193 i 4500
001 - NÚMERO DE CONTROL
campo de control 150756
003 - IDENTIFICADOR DE NÚMERO DE CONTROL
campo de control ES-MaACL
005 - FECHA Y HORA DE LA ÚLTIMA TRANSACCIÓN
campo de control 20231030183226.0
007 - CAMPO FIJO DE DESCRIPCIÓN FÍSICA--INFORMACIÓN GENERAL
campo de control de longitud fija t|
008 - DATOS DE LONGITUD FIJA--INFORMACIÓN GENERAL
campo de control de longitud fija 071108s1948 sp ||||1| spa d
100 1# - ENTRADA PRINCIPAL--NOMBRE DE PERSONA
Nombre de persona Ferrandis Torres, Manuel.
9 (RLIN) 50268
245 10 - MENCIÓN DEL TÍTULO
Título Historia general de la cultura /
Mención de responsabilidad, etc. por Don Manuel Ferrandis Torres.
250 ## - MENCION DE EDICION
Mención de edición 3ª ed.
260 ## - PUBLICACIÓN, DISTRIBUCIÓN, ETC.
Lugar de publicación, distribución, etc. Madrid :
Nombre del editor, distribuidor, etc. [s.n.],
Fecha de publicación, distribución, etc. 1948 (
Fabricante Gráf. Estades)
300 ## - DESCRIPCIÓN FÍSICA
Extensión 2 v. :
Otras características físicas CXXVI lám ; CIV lám. ;
Dimensiones 25 cm.
650 #4 - PUNTO DE ACCESO ADICIONAL DE MATERIA--TÉRMINO DE MATERIA
Término de materia o nombre geográfico como elemento de entrada Civilización-
Subdivisión general Historia
9 (RLIN) 11082
852 ## - LOCALIZACIÓN
Ubicación ES-MaACL
Número de control de estantería F-15446-47
Holdings
Estatus retirado Estado de pérdida Estado de daño No para préstamo Biblioteca de origen Biblioteca actual Ubicación en estantería Fecha de adquisición Fuente de adquisición Total de préstamos Signatura topográfica completa Código de barras Visto por última vez Precio de reemplazo Tipo de ítem Koha
        Biblioteca del Ateneo de Madrid Biblioteca del Ateneo de Madrid Sala Pecera Planta 2 17/01/2008     F-15446-7 1157305 23/02/2023 23/02/2023 Libro impreso